000
00227 a2200097 4500
001
27369
100
_a
Davies, B
245
_a
Multiple choice papers in Adv. L. Physics
260
_a
_b
John Murray
_c
1976
090
_c
18192
_d
18192
942
_a
NUST-CAE
_c
M
_c
9105
999
_c
262442
_d
262442